[Event "Agzamov Memorial 13th"]
[Site "Tashkent"]
[Date "2019.03.13"]
[Round "3"]
[White "Kazakouski, Valery"]
[Black "Rustamov, Asilbek"]
[Result "1-0"]
[WhiteElo "2456"]
[BlackElo "1836"]
[PlyCount "59"]
[EventDate "2019.03.12"]
[EventType "swiss"]
[EventRounds "9"]
[EventCountry "UZB"]
[SourceTitle "CBM 189 Extra"]
[Source "ChessBase"]
[SourceDate "2019.06.03"]
[SourceVersion "1"]
[SourceVersionDate "2019.06.03"]
[SourceQuality "1"]

1. d4 d5 2. c4 e6 3. Nf3 c6 4. Qc2 f5 5. Nc3 Nf6 6. Bf4 Bd6 7. e3 0-0 8. Bd3 Ne4 9. Bxd6 Qxd6 10. g4 Nd7 11. gxf5 exf5 12. cxd5 Nxc3 13. bxc3 Qxd5 14. Qb3 Nb6 15. Ne5 Be6 16. Qxd5 cxd5 17. f4 Rac8 18. Kd2 Rc7 19. a4 Rfc8 20. a5 Nd7 21. Ra3 Nxe5 22. fxe5 g6 23. Rb1 Rd8 24. Ra4 Kg7 25. h4 Kh6 26. Rab4 Bc8 27. Be2 Rc5 28. Rb5 Rc7 29. Bf3 Rcd7 30. Rc5 1-0

[Event "Sochi ChessAmateur op10"]
[Site "Sochi"]
[Date "2018.10.15"]
[Round "5"]
[White "Muradyan, Razmik"]
[Black "Rustamov, Asilbek"]
[Result "0-1"]
[WhiteElo "1616"]
[BlackElo "1906"]
[PlyCount "44"]
[EventDate "2018.10.12"]
[EventType "swiss"]
[EventRounds "9"]
[EventCountry "RUS"]
[SourceTitle "CBM 187 Extra"]
[Source "ChessBase"]
[SourceDate "2018.11.04"]
[SourceVersion "1"]
[SourceVersionDate "2018.11.04"]
[SourceQuality "1"]

1. e4 c6 2. d4 d5 3. e5 Bf5 4. Bd3 Bxd3 5. Qxd3 e6 6. Ne2 c5 7. 0-0 Nc6 8. c3 cxd4 9. cxd4 Nge7 10. Nd2 Rc8 11. a3 h5 12. f4 Nf5 13. Rf2 Be7 14. Nf1 Qb6 15. Ne3 Nfxd4 16. f5 Nxf5 17. Nxf5 exf5 18. Qxf5 0-0 19. b4 a6 20. Qf4 Nd8 21. Be3 Qg6 22. e6 fxe6 0-1